000 00726nam a2200217Ia 4500
003 GCL
008 140319s9999 xx 000 0 ara d
020 _a3080802
040 _aGCL /
_cGCL
082 0 4 _aط
_b813.088
_bع م
100 1 _aاحمد عبدالله فرهود
245 1 0 _aالنبات فى القران الكريم : اليقطين ( القرع ) /
_cاحمد عبدالله فرهود
700 1 _aفؤاد حمدو الدقس
250 _aالاولى
260 _aسوريا :
_bدار القلم العربى ،
_c1997
300 _a ؛
_c24 سم
650 0 4 _aالقصص القصيرة
650 0 4 _aقصص القران
650 0 4 _aقصص القران - النباتات
942 _2ddc
_cBK
999 _c10098
_d10098